[Event "23rd Hoogeveen op"]
[Site "Hoogeveen NED"]
[Date "2019.10.23"]
[Round "6.2"]
[White "Werle, Jan"]
[Black "Beerdsen, Thomas"]
[Result "1/2-1/2"]
[WhiteElo "2544"]
[BlackElo "2472"]
[EventDate "2019.10.19"]
[PlyCount "102"]

1.d4 d5 2.c4 c6 3.e3 Nf6 4.Nc3 g6 5.Nf3 Bg7 6.Be2 O-O 7.O-O dxc4 8.Bxc4 
Nbd7 9.Bb3 b5 10.Re1 Bb7 11.e4 c5 12.e5 Ne8 13.Ng5 cxd4 14.Nxf7 Rxf7 15.e6
Nd6 16.exf7+ Kh8 17.Nd5 e5 18.Bd2 a5 19.a4 Nc4 20.Nf4 Qg5 21.h4 Qxh4 22.
Nh3 Nxd2 23.Qxd2 Bf6 24.f3 Kg7 25.Rac1 e4 26.fxe4 Qg3 27.Be6 Nf8 28.Bd5 
Bxd5 29.exd5 d3 30.Re4 bxa4 31.Rf1 Rb8 32.Rxf6 Kxf6 33.Rf4+ Kg7 34.Qc3+ 
Kh6 35.Rf3 Qd6 36.Nf2 Rb4 37.Rh3+ Kg5 38.Qxd3 Qf4 39.Rg3+ Kh6 40.Qc3 Qd4 
41.Qxd4 Rxd4 42.Rd3 Rxd3 43.Nxd3 Kg7 44.Ne5 Kf6 45.Nc6 Kxf7 46.Nxa5 Nd7 
47.Nc4 Nc5 48.Nb6 Kf6 49.d6 Ke6 50.d7 Ke7 51.Kf1 Nxd7 1/2-1/2

[Event "23rd Hoogeveen op"]
[Site "Hoogeveen NED"]
[Date "2019.10.23"]
[Round "6.3"]
[White "Kirchei, Viktoriia"]
[Black "Akash, Ganesan"]
[Result "1/2-1/2"]
[WhiteElo "2051"]
[BlackElo "2449"]
[EventDate "2019.10.19"]
[PlyCount "123"]

1.e4 c5 2.Nf3 Nc6 3.Bb5 g6 4.Bxc6 dxc6 5.d3 Bg7 6.h3 e5 7.Be3 Qe7 8.a4 f5 
9.exf5 gxf5 10.O-O Qd6 11.Re1 Ne7 12.Nbd2 Be6 13.Nc4 Qd5 14.Bg5 Ng6 15.Qe2
Rg8 16.Ncxe5 Bxe5 17.c4 Qd6 18.Nxe5 Nxe5 19.Qxe5 Qxe5 20.Rxe5 Kf7 21.Rae1 
Rg6 22.h4 Re8 23.Rxc5 h6 24.Bf4 Rd8 25.h5 Rg4 26.Rce5 Rxf4 27.Rxe6 Rxd3 
28.Re7+ Kf6 29.g3 Rxc4 30.R1e6+ Kg5 31.Rg7+ Kxh5 32.Rgg6 f4 33.gxf4 Rxf4 
34.Rxh6+ Kg5 35.Rhg6+ Kf5 36.Rgf6+ Kg4 37.Rg6+ Kh3 38.Rh6+ Rh4 39.Rxh4+ 
Kxh4 40.Re4+ Kh3 41.Kf1 Rd2 42.b3 Rb2 43.b4 b6 44.Rc4 Ra2 45.a5 bxa5 46.
bxa5 Rxa5 47.Rxc6 Ra2 48.Rc4 a5 49.Rf4 a4 50.Rc4 Ra3 51.Rd4 Ra1+ 52.Ke2 
Ra2+ 53.Kf1 a3 54.Ra4 Ra1+ 55.Ke2 Ra2+ 56.Kf1 Ra1+ 57.Ke2 a2 58.Kf3 Kh2 
59.Rh4+ Kg1 60.Rg4+ Kf1 61.Rh4 Kg1 62.Rg4+ 1/2-1/2

[Event "23rd Hoogeveen op"]
[Site "Hoogeveen NED"]
[Date "2019.10.23"]
[Round "6.4"]
[White "Basso, Pier Luigi"]
[Black "Jonkman, Harmen"]
[Result "1-0"]
[WhiteElo "2575"]
[BlackElo "2383"]
[EventDate "2019.10.19"]
[PlyCount "67"]

1.d4 d5 2.c4 dxc4 3.Nf3 a6 4.e3 e6 5.Bxc4 c5 6.O-O Nf6 7.b3 cxd4 8.Nxd4 
Bd7 9.Bb2 Nc6 10.Nf3 Be7 11.Nbd2 Na5 12.Bd3 Bb5 13.Bxb5+ axb5 14.Qe2 Qb6 
15.a4 b4 16.Qb5+ Qxb5 17.axb5 O-O 18.Bd4 Nd7 19.Rfc1 Rfd8 20.Rc2 b6 21.
Rca2 Rab8 22.Bxb6 Nxb6 23.Rxa5 Bf6 24.Rc1 Rd3 25.Rc6 h6 26.Kf1 Nd5 27.e4 
Bd8 28.Raa6 Ne7 29.Rd6 Rc3 30.b6 Rc6 31.Rxc6 Nxc6 32.Nc4 Rb7 33.Ra8 Kh7 
34.Rc8 1-0

[Event "23rd Hoogeveen op"]
[Site "Hoogeveen NED"]
[Date "2019.10.23"]
[Round "6.5"]
[White "Dixit, Nikhil"]
[Black "Pruijssers, Roeland"]
[Result "0-1"]
[WhiteElo "2358"]
[BlackElo "2550"]
[EventDate "2019.10.19"]
[PlyCount "96"]

1.e4 c5 2.Nf3 e6 3.d4 cxd4 4.Nxd4 Nc6 5.Nc3 Qc7 6.Nb3 Nf6 7.Bd3 Be7 8.O-O 
O-O 9.f4 d6 10.Qe2 a6 11.a4 Nb4 12.Kh1 Nxd3 13.cxd3 Bd7 14.Be3 b6 15.Rfc1 
Qb7 16.a5 b5 17.Na2 Rfc8 18.Nb4 Be8 19.Qd2 Nd7 20.Bd4 Nc5 21.Rc3 Rc7 22.
Rac1 Rac8 23.Qc2 Kf8 24.Bg1 Qa8 25.e5 Nxb3 26.Rxc7 Rxc7 27.Qxc7 Nxc1 28.
exd6 Bd8 29.Qxc1 Bxa5 30.Qc5 Bd7 31.Bd4 Bd8 32.Nc2 a5 33.h3 Qc6 34.Kg1 b4 
35.Ne3 Qxc5 36.Bxc5 Bb5 37.d4 Ke8 38.f5 Kd7 39.fxe6+ Kxe6 40.Kf2 f5 41.g3 
g5 42.Kf3 h5 43.g4 f4 44.d5+ Ke5 45.gxh5 fxe3 46.Kxe3 Kxd5 47.Bd4 Bd7 48.
h6 Bf5 0-1

[Event "23rd Hoogeveen op"]
[Site "Hoogeveen NED"]
[Date "2019.10.23"]
[Round "6.6"]
[White "Gomes, Mary Ann"]
[Black "Zwirs, Nico"]
[Result "1/2-1/2"]
[WhiteElo "2268"]
[BlackElo "2421"]
[EventDate "2019.10.19"]
[PlyCount "141"]

1.Nf3 d5 2.g3 g6 3.c4 dxc4 4.Na3 Bg7 5.Nxc4 Nc6 6.Bg2 e5 7.d3 Nge7 8.O-O 
O-O 9.Bd2 a5 10.Bc3 f6 11.b3 Be6 12.Bb2 Qd7 13.Ncd2 Rad8 14.Rc1 Bh6 15.Qc2
Rf7 16.Rfd1 Nf5 17.Qb1 Qc8 18.e3 Bf8 19.Ne4 Nd6 20.Nxd6 Bxd6 21.d4 exd4 
22.Nxd4 Nxd4 23.Rxd4 c5 24.Rd2 Bf8 25.Rxd8 Qxd8 26.Rd1 Qc8 27.Bc3 b6 28.
Qb2 Rd7 29.Re1 f5 30.e4 fxe4 31.Bxe4 Bf7 32.Bg2 Qd8 33.Bf3 Re7 34.Rd1 Rd7 
35.Rxd7 Qxd7 36.Qe2 Qe7 37.Qxe7 Bxe7 38.Bc6 c4 39.bxc4 Bxc4 40.a4 Bc5 41.
Kg2 Kf7 42.f4 Ke6 43.g4 Bd5+ 44.Bxd5+ Kxd5 45.f5 gxf5 46.gxf5 Kc4 47.Be1 
b5 48.axb5 a4 49.f6 a3 50.Bg3 Kxb5 51.Kf3 Kc6 52.Ke4 Kd7 53.Kd5 a2 54.Be5 
Bd6 55.f7 Bf8 56.Bf6 h5 57.Bc3 Ke7 58.Kc4 Kxf7 59.Kb3 h4 60.h3 Bg7 61.Bxg7
Kxg7 62.Kxa2 Kf6 63.Kb3 Kf5 64.Kc3 Kf4 65.Kd2 Kg3 66.Ke2 Kxh3 67.Kf3 Kh2 
68.Kf2 h3 69.Kf1 Kh1 70.Kf2 h2 71.Kf1 1/2-1/2

[Event "23rd Hoogeveen op"]
[Site "Hoogeveen NED"]
[Date "2019.10.23"]
[Round "6.9"]
[White "Schoppen, Casper"]
[Black "Grooten, Herman"]
[Result "1-0"]
[WhiteElo "2508"]
[BlackElo "2274"]
[EventDate "2019.10.19"]
[PlyCount "79"]

1.e4 e6 2.d4 d5 3.Nc3 Bb4 4.e5 c5 5.a3 Bxc3+ 6.bxc3 Qa5 7.Bd2 Qa4 8.Rb1 c4
9.Ne2 Ne7 10.h4 Nbc6 11.h5 h6 12.Qc1 b6 13.Rh3 Bd7 14.Rf3 Rf8 15.g4 O-O-O 
16.Bh3 Ng8 17.Rg3 f6 18.f4 Rf7 19.Be3 Kc7 20.Ra1 Nge7 21.Qd1 Kb7 22.Kd2 
Rg8 23.Qh1 Rff8 24.Rag1 a5 25.Rb1 f5 26.Rbg1 Be8 27.gxf5 Bxh5 28.Rxg7 Rxg7
29.Rxg7 exf5 30.Ng3 Bf7 31.Nxf5 Bg6 32.Rxg6 Rxf5 33.Rg7 Ka6 34.Qf3 Qxa3 
35.Bxf5 Nxf5 36.Qxd5 Qa4 37.Rc7 Nfe7 38.Qd7 Qb5 39.d5 Nxd5 40.Qc8# 1-0

[Event "23rd Hoogeveen op"]
[Site "Hoogeveen NED"]
[Date "2019.10.23"]
[Round "6.10"]
[White "Vrolijk, Liam"]
[Black "Hilwerda, Jonas"]
[Result "0-1"]
[WhiteElo "2478"]
[BlackElo "2229"]
[EventDate "2019.10.19"]
[PlyCount "124"]

1.d4 Nf6 2.c4 g6 3.Nc3 Bg7 4.e4 d6 5.h3 O-O 6.Be3 Nbd7 7.g4 e5 8.d5 Nc5 9.
f3 a5 10.Qd2 Ne8 11.O-O-O f5 12.Nge2 f4 13.Bf2 b6 14.Nb5 Bd7 15.Nec3 Ra6 
16.h4 h6 17.g5 h5 18.Bh3 Bxh3 19.Rxh3 Qd7 20.Rhh1 Rf7 21.Bg1 Bf8 22.Qg2 
Qc8 23.Kc2 Ng7 24.Qh3 Qb7 25.Bxc5 bxc5 26.Na4 Re7 27.Rd3 Kf7 28.Rb3 Qa8 
29.Rd1 Ke8 30.Rdd3 Rd7 31.Na3 Rd8 32.Rb5 Rc8 33.Kd1 Be7 34.Ke1 Bd8 35.Rdb3
Ra7 36.Kf2 Ke7 37.Nb1 Ke8 38.Na3 Ke7 39.Nc2 Ke8 40.Ne1 Ke7 41.Nd3 c6 42.
dxc6 Qxc6 43.Naxc5 dxc5 44.Nxe5 Qc7 45.Rd3 Qxe5 46.Qxc8 Ne6 47.Qc6 Nd4 48.
Qxc5+ Qxc5 49.Rxc5 Bb6 50.Re5+ Ne6+ 51.Kg2 a4 52.Rb5 Bd4 53.Rb4 Bc5 54.Rb8
Bd4 55.Rd2 Rc7 56.Rc2 Be3 57.b3 axb3 58.axb3 Ra7 59.c5 Nd4 60.Rb2 Ra1 61.
Rb7+ Ke6 62.Rb6+ Ke5 0-1

[Event "23rd Hoogeveen op"]
[Site "Hoogeveen NED"]
[Date "2019.10.23"]
[Round "6.11"]
[White "Mueer, Sebastian"]
[Black "Romanishin, Oleg"]
[Result "1/2-1/2"]
[WhiteElo "2194"]
[BlackElo "2441"]
[EventDate "2019.10.19"]
[PlyCount "47"]

1.d4 Nf6 2.Nf3 d5 3.Bf4 g6 4.e3 Bg7 5.Be2 O-O 6.Nbd2 Nbd7 7.c3 a5 8.Ne5 c6
9.h4 h5 10.f3 c5 11.g4 Qb6 12.Rb1 a4 13.Rg1 cxd4 14.cxd4 hxg4 15.fxg4 Nxe5
16.Bxe5 Nxg4 17.Bxg4 Bxe5 18.Bxc8 Raxc8 19.dxe5 Qxe3+ 20.Kf1 Qh3+ 21.Rg2 
Qh1+ 22.Rg1 Qh3+ 23.Rg2 Qh1+ 24.Rg1 1/2-1/2

[Event "23rd Hoogeveen op"]
[Site "Hoogeveen NED"]
[Date "2019.10.23"]
[Round "6.12"]
[White "Harutjunyan, Gevorg"]
[Black "Giacomini, Hector"]
[Result "1-0"]
[WhiteElo "2428"]
[BlackElo "2145"]
[EventDate "2019.10.19"]
[PlyCount "120"]

1.e4 c6 2.d4 d5 3.e5 c5 4.dxc5 e6 5.Bd3 Bxc5 6.Qg4 Ne7 7.b4 h5 8.Qf4 Bb6 
9.Nf3 Nbc6 10.b5 Nb4 11.O-O Nxd3 12.cxd3 Bd7 13.Na3 Rc8 14.Bd2 Ng6 15.Qb4 
Bc5 16.Qb2 O-O 17.Nc2 Qb6 18.a4 a6 19.Be3 axb5 20.a5 Qd8 21.Bxc5 Rxc5 22.
Nb4 Nh4 23.Nd4 Qg5 24.f4 Qg4 25.Qf2 g5 26.fxg5 Qxg5 27.Rae1 Rcc8 28.Re3 
Ng6 29.Qe1 h4 30.Nf3 Qh6 31.d4 Rc4 32.Nd3 Rc3 33.Kf2 Rfc8 34.Nc5 Rxe3 35.
Qxe3 Qxe3+ 36.Kxe3 Bc6 37.Ng5 Rf8 38.g4 Ne7 39.Rf6 b4 40.Kd2 Nc8 41.Nd3 b3
42.Kc3 b6 43.a6 Bb5 44.Nf4 Bxa6 45.Rh6 Ne7 46.Kxb3 Bc4+ 47.Kc3 Ra8 48.Rh7 
Ra3+ 49.Kb2 Ra2+ 50.Kb1 Rf2 51.Rxf7 Ng6 52.Nxg6 Bd3+ 53.Kc1 Rxf7 54.Nxf7 
Bxg6 55.Ng5 Be4 56.Nxe6 Bf3 57.g5 Kf7 58.Nf4 Be4 59.Kb2 Bf3 60.Kc3 Ke7 1-0

[Event "23rd Hoogeveen op"]
[Site "Hoogeveen NED"]
[Date "2019.10.23"]
[Round "6.20"]
[White "Van Foreest, Machteld"]
[Black "Bhambure, Shantanu"]
[Result "1/2-1/2"]
[WhiteElo "2142"]
[BlackElo "2291"]
[EventDate "2019.10.19"]
[PlyCount "131"]

1.e4 c5 2.Nf3 d6 3.Bb5+ Nd7 4.c3 Nf6 5.Qe2 a6 6.Ba4 b5 7.Bc2 Bb7 8.O-O c4 
9.b3 Qc7 10.Nd4 e5 11.Nf5 g6 12.Ng3 Bg7 13.bxc4 bxc4 14.Na3 Nb6 15.d3 cxd3
16.Qxd3 d5 17.exd5 Nfxd5 18.Rb1 Bc6 19.c4 Ne7 20.Bd2 Na4 21.Be3 Rd8 22.Qb3
O-O 23.Bb6 Nxb6 24.Qxb6 Qxb6 25.Rxb6 f5 26.c5 e4 27.Rxa6 Ra8 28.Rxa8 Rxa8 
29.Bb3+ Kf8 30.Nc2 Rd8 31.Nb4 Bb5 32.Rd1 Rxd1+ 33.Bxd1 Bd4 34.a4 Bd7 35.
Na6 Bc8 36.Be2 h5 37.Bb5 Nd5 38.Ne2 Be5 39.Bc4 Nf6 40.Nb4 Nd7 41.Nc6 Bc7 
42.Na7 Ne5 43.Nxc8 Nxc4 44.Nd4 Ke8 45.Nb5 Be5 46.Nb6 Na5 47.Nd6+ Ke7 48.
Nbc4 Nxc4 49.Nxc4 Bb8 50.a5 Kd7 51.a6 Kc6 52.Nd6 Ba7 53.h4 Bxc5 54.Nf7 Bd4
55.Ng5 Be5 56.Ne6 Bd6 57.Nd4+ Kb6 58.a7 Kb7 59.Nc6 f4 60.Kf1 f3 61.gxf3 
exf3 62.Kg1 Bf4 63.Ne7 g5 64.hxg5 Bxg5 65.Nc6 Bf4 66.Nd4 1/2-1/2

[Event "23rd Hoogeveen op"]
[Site "Hoogeveen NED"]
[Date "2019.10.23"]
[Round "6.23"]
[White "Stock, Andreas"]
[Black "Advait, Bagri"]
[Result "1/2-1/2"]
[WhiteElo "2076"]
[BlackElo "2231"]
[EventDate "2019.10.19"]
[PlyCount "81"]

1.c4 Nf6 2.Nc3 c6 3.Nf3 d5 4.cxd5 cxd5 5.d4 Nc6 6.Bf4 a6 7.e3 Bf5 8.Bd3 
Bxd3 9.Qxd3 e6 10.O-O Bd6 11.Bxd6 Qxd6 12.Rfc1 O-O 13.Na4 Ne4 14.Nc5 Nxc5 
15.Rxc5 Rac8 16.Qb3 Qb8 17.Qb6 Na7 18.Rac1 Rc6 19.Rxc6 Nxc6 20.g3 Rc8 21.
Rc5 Qc7 22.Qxc7 Rxc7 23.Ne5 Kf8 24.Kf1 Ke7 25.Ke2 Kd6 26.Nxc6 Rxc6 27.
Rxc6+ Kxc6 28.f4 Kd6 29.Kd3 a5 30.a4 f6 31.Kc3 e5 32.b4 b6 33.bxa5 bxa5 
34.Kd3 Ke6 35.fxe5 fxe5 36.e4 dxe4+ 37.Kxe4 exd4 38.Kxd4 Kd6 39.Kc4 Kc6 
40.Kd4 Kd6 41.Kc4 1/2-1/2

[Event "23rd Hoogeveen op"]
[Site "Hoogeveen NED"]
[Date "2019.10.23"]
[Round "6.28"]
[White "Otten, Martijn"]
[Black "Hoffman, Ron"]
[Result "0-1"]
[WhiteElo "2101"]
[BlackElo "1991"]
[EventDate "2019.10.19"]
[PlyCount "112"]

1.d4 f5 2.Bg5 g6 3.Nd2 Bg7 4.e4 fxe4 5.Nxe4 d5 6.Nc5 b6 7.Nb3 Nh6 8.Nf3 
Nf7 9.Bf4 O-O 10.Qd2 c5 11.c3 c4 12.Nc1 Nc6 13.Be2 Bf5 14.O-O Qd7 15.Re1 
h6 16.Ne5 Ncxe5 17.dxe5 g5 18.Bg3 Rad8 19.f4 b5 20.Qd4 gxf4 21.Bxf4 Ng5 
22.a4 Ne6 23.Qd2 Nxf4 24.Qxf4 a6 25.Qd4 Be4 26.h3 Qe6 27.Bg4 Qg6 28.axb5 
axb5 29.Qa7 h5 30.Ra6 Qg5 31.Qe3 Qxe3+ 32.Rxe3 hxg4 33.hxg4 Bxe5 34.Ne2 
Ra8 35.Rxa8 Rxa8 36.Nd4 b4 37.Nf5 Ra1+ 38.Kf2 Bf4 39.Re2 e6 40.Nd4 bxc3 
41.bxc3 Kf7 42.Rb2 Rb1 43.Ra2 Rb7 44.Nc6 Kf6 45.g3 Bc1 46.Nd4 Rb2+ 47.Rxb2
Bxb2 48.Nb5 Bg6 49.Ke3 Be8 50.Nc7 Bd7 51.Kd4 Ba3 52.Na8 Bc6 53.Nc7 e5+ 54.
Ke3 Bc5+ 55.Ke2 Bd6 56.Na6 Bb5 0-1

[Event "23rd Hoogeveen op"]
[Site "Hoogeveen NED"]
[Date "2019.10.23"]
[Round "6.29"]
[White "Ypma, Jord"]
[Black "Faber, Hugo"]
[Result "1/2-1/2"]
[WhiteElo "2013"]
[BlackElo "2077"]
[EventDate "2019.10.19"]
[PlyCount "89"]

1.d4 Nf6 2.c4 g6 3.g3 Bg7 4.Bg2 O-O 5.Nc3 d6 6.Nf3 c6 7.O-O Qa5 8.e4 Qh5 
9.Ng5 Qxd1 10.Rxd1 e5 11.d5 h6 12.Nf3 cxd5 13.cxd5 Na6 14.Ne1 Bd7 15.Bf1 
Nc5 16.f3 a6 17.Be3 Rfc8 18.Rac1 Ne8 19.Nd3 Nxd3 20.Bxd3 h5 21.Bc2 b5 22.
Bd3 Kh7 23.a3 Bh6 24.Bxh6 Kxh6 25.Na2 a5 26.Rxc8 Rxc8 27.Rc1 Rxc1+ 28.Nxc1
Kg7 29.Nb3 a4 30.Nc1 Kf6 31.Kf2 Ke7 32.Ke3 Kd8 33.Ne2 Kc7 34.h3 Kb6 35.g4 
hxg4 36.fxg4 Kc5 37.Nc1 Ng7 38.Be2 f5 39.Nd3+ Kb6 40.Bf3 fxg4 41.Bxg4 Bxg4
42.hxg4 g5 43.Kd2 Ne8 44.Kc3 Nf6 45.Nf2 1/2-1/2

[Event "23rd Hoogeveen op"]
[Site "Hoogeveen NED"]
[Date "2019.10.23"]
[Round "6.32"]
[White "Albers, Sasa"]
[Black "Van der Veen, Jan"]
[Result "1-0"]
[WhiteElo "1975"]
[BlackElo "2043"]
[EventDate "2019.10.19"]
[PlyCount "101"]

1.e4 e5 2.Nf3 Nc6 3.Bb5 a6 4.Ba4 Nf6 5.O-O Be7 6.Bxc6 dxc6 7.d3 Nd7 8.Nbd2
f6 9.Nc4 Nc5 10.h3 Be6 11.Ne3 Qd7 12.a4 a5 13.Bd2 b6 14.Qe2 O-O 15.Rfe1 
Rad8 16.Nf1 Nb7 17.Ng3 Bb4 18.Bxb4 axb4 19.d4 exd4 20.Red1 c5 21.e5 f5 22.
Nh5 h6 23.Nf4 Na5 24.Re1 Rfe8 25.b3 Qf7 26.Rad1 g5 27.Nxe6 Rxe6 28.h4 g4 
29.Nd2 Qh5 30.Nc4 Nc6 31.g3 Rde8 32.Ra1 Kh8 33.Qd2 Kh7 34.Qf4 Ne7 35.a5 
Nd5 36.Qc1 b5 37.Nb2 c4 38.bxc4 bxc4 39.Nxc4 Ra8 40.Qd2 c5 41.Qd3 Qg6 42.
h5 Qxh5 43.Nd6 Qg6 44.Qb5 Ne7 45.Qb7 Rf8 46.a6 f4 47.a7 fxg3 48.fxg3 Rf3 
49.Qe4 Rxg3+ 50.Kh2 Rh3+ 51.Kg2 1-0

[Event "23rd Hoogeveen op"]
[Site "Hoogeveen NED"]
[Date "2019.10.23"]
[Round "6.33"]
[White "Achuthan, Dylan"]
[Black "Noordenbos, Daan"]
[Result "1-0"]
[WhiteElo "1865"]
[BlackElo "2133"]
[EventDate "2019.10.19"]
[PlyCount "49"]

1.e4 e6 2.d4 d5 3.Nc3 Bb4 4.Ne2 Nf6 5.Bg5 dxe4 6.a3 Be7 7.Bxf6 Bxf6 8.Nxe4
Be7 9.g3 Bd7 10.Bg2 Bc6 11.O-O h5 12.Nf4 h4 13.Qg4 Kf8 14.Qf3 Kg8 15.Qb3 
Rh6 16.Rad1 g5 17.d5 exd5 18.Nxd5 Bd6 19.Qe3 Rg6 20.c4 b6 21.Nxd6 Rxd6 22.
Ne7+ Kf8 23.Rxd6 Qxd6 24.Nxc6 Nxc6 25.Qf3 1-0

[Event "23rd Hoogeveen op"]
[Site "Hoogeveen NED"]
[Date "2019.10.23"]
[Round "6.35"]
[White "Fehr, Axel"]
[Black "Taams, Sander"]
[Result "0-1"]
[WhiteElo "2045"]
[BlackElo "2094"]
[EventDate "2019.10.19"]
[PlyCount "94"]

1.e4 c5 2.Nf3 d6 3.d4 cxd4 4.Nxd4 Nf6 5.Nc3 a6 6.Bg5 Nbd7 7.Qe2 b5 8.a3 
Bb7 9.f4 e5 10.Nf5 h6 11.fxe5 dxe5 12.Bh4 Rc8 13.Nd5 g5 14.Bg3 Nxd5 15.
exd5 Qa5+ 16.c3 Rxc3 17.Qd2 Bb4 18.Nd6+ Bxd6 19.bxc3 Nc5 20.Qe3 O-O 21.h4 
f5 22.hxg5 f4 23.Qd2 fxg3 24.Rxh6 Rf2 25.Qe3 Ne4 26.Rxd6 Nxd6 27.Qxe5 Nf7 
28.Qxg3 Rc2 29.g6 Nd6 30.Qe5 Qxc3+ 31.Qxc3 Rxc3 32.Be2 Kg7 33.Bf3 Kxg6 34.
Kd2 Rb3 35.Kc2 Re3 36.a4 b4 37.a5 b3+ 38.Kd1 Bxd5 39.Bxd5 Rd3+ 40.Kc1 Rxd5
41.Ra4 Rb5 42.Rd4 Nb7 43.Rg4+ Kh5 44.Rf4 b2+ 45.Kb1 Nxa5 46.Ra4 Nb3 47.g4+
Kh4 0-1

[Event "23rd Hoogeveen op"]
[Site "Hoogeveen NED"]
[Date "2019.10.23"]
[Round "6.36"]
[White "Gijsen, William"]
[Black "Vasse, Albert"]
[Result "1-0"]
[WhiteElo "2091"]
[BlackElo "1934"]
[EventDate "2019.10.19"]
[PlyCount "83"]

1.e4 c5 2.Nc3 Nc6 3.f4 g6 4.Nf3 Bg7 5.Bc4 e6 6.d3 Nge7 7.O-O O-O 8.Qe1 d5 
9.Bb3 dxe4 10.dxe4 Nd4 11.e5 Nef5 12.Qf2 f6 13.exf6 Nxf3+ 14.Qxf3 Nd4 15.
Qf2 Bxf6 16.Ne4 Nxb3 17.Nxf6+ Qxf6 18.axb3 b6 19.Qe3 Bb7 20.Bd2 Qd4 21.
Qxd4 cxd4 22.Bb4 Rfd8 23.Be7 Rd7 24.Bf6 Kf7 25.Be5 Be4 26.Rf2 Rc8 27.Rc1 
Ke8 28.Rd2 d3 29.c3 Rd5 30.Kf2 h5 31.h3 g5 32.g3 gxf4 33.gxf4 Bf5 34.Rg1 
Bxh3 35.c4 Rdd8 36.Bf6 Rd6 37.Be5 Rdd8 38.Rg8+ Kf7 39.Rg7+ Kf8 40.Rh7 Bg4 
41.Bf6 Be2 42.Rh8+ 1-0

[Event "23rd Hoogeveen op"]
[Site "Hoogeveen NED"]
[Date "2019.10.24"]
[Round "7.1"]
[White "Werle, Jan"]
[Black "Sindarov, Javokhir"]
[Result "1/2-1/2"]
[WhiteElo "2544"]
[BlackElo "2513"]
[EventDate "2019.10.19"]
[PlyCount "20"]

1.d4 Nf6 2.c4 g6 3.Nc3 d5 4.cxd5 Nxd5 5.e4 Nxc3 6.bxc3 Bg7 7.Bb5+ c6 8.Ba4
O-O 9.Ne2 b5 10.Bb3 a5 1/2-1/2

[Event "23rd Hoogeveen op"]
[Site "Hoogeveen NED"]
[Date "2019.10.24"]
[Round "7.3"]
[White "Pruijssers, Roeland"]
[Black "Okkes, Menno"]
[Result "1-0"]
[WhiteElo "2550"]
[BlackElo "2326"]
[EventDate "2019.10.19"]
[PlyCount "139"]

1.e4 c5 2.Nf3 d6 3.d4 cxd4 4.Nxd4 Nf6 5.Nc3 a6 6.Be3 e6 7.Qf3 Nbd7 8.O-O-O
Qc7 9.Qg3 b5 10.a3 Bb7 11.f3 Rc8 12.Bxb5 axb5 13.Ndxb5 Qa5 14.Nxd6+ Bxd6 
15.Qxd6 Rc6 16.Qb4 Qxb4 17.axb4 Rc4 18.b5 Ke7 19.Nb1 Rhc8 20.Na3 Ra4 21.
Rd4 Rxd4 22.Bxd4 e5 23.Be3 Ne8 24.c4 Nd6 25.b3 f5 26.exf5 Nxf5 27.Re1 Nxe3
28.Rxe3 Ke6 29.Nc2 e4 30.fxe4 Ke5 31.Kb2 Bxe4 32.Kc3 h5 33.Re2 g5 34.Nd4 
Nf6 35.Nc6+ Kd6 36.Rd2+ Kc7 37.Nd4 Re8 38.Rf2 Nd7 39.Re2 Nf6 40.g3 Kd6 41.
Kb4 Ke5 42.Nc6+ Kf5 43.Na5 Rb8 44.Kc5 Bf3 45.Re3 Ne4+ 46.Kb4 Bg2 47.Nc6 
Rb7 48.Re2 Bh1 49.Na5 Rb8 50.Re1 Bg2 51.Nc6 Rb7 52.Rg1 Bh3 53.c5 Nf2 54.
Kc4 Kf6 55.Nd4 Ne4 56.b6 Ke5 57.Nc6+ Kf6 58.Nd4 Ke5 59.Nc6+ Kf6 60.Na5 Rb8
61.b7 Be6+ 62.Kb5 Nc3+ 63.Kb6 Rh8 64.Rf1+ Kg6 65.Nc6 Bxb3 66.b8=Q Nd5+ 67.
Ka7 Rh7+ 68.Ka6 Bc4+ 69.Ka5 Bxf1 70.Qg8+ 1-0

[Event "23rd Hoogeveen op"]
[Site "Hoogeveen NED"]
[Date "2019.10.24"]
[Round "7.6"]
[White "Manush, Shah"]
[Black "Schoppen, Casper"]
[Result "1/2-1/2"]
[WhiteElo "2352"]
[BlackElo "2508"]
[EventDate "2019.10.19"]
[PlyCount "116"]

1.d4 Nf6 2.Nf3 e6 3.e3 b6 4.Bd3 Bb7 5.O-O d5 6.c4 Bd6 7.cxd5 exd5 8.Nc3 
O-O 9.Qc2 c5 10.b3 Nc6 11.a3 Re8 12.dxc5 bxc5 13.Bb2 Ne5 14.Nxe5 Bxe5 15.
h3 d4 16.Na4 dxe3 17.Nxc5 Bxb2 18.Nxb7 Qd4 19.Rad1 Qe5 20.Nd6 Bd4 21.fxe3 
Qxd6 22.exd4 Qxd4+ 23.Kh1 Qe5 24.Rf5 Qe7 25.a4 g6 26.Rf3 Nd7 27.Bb5 Rec8 
28.Qf2 Ne5 29.Re3 Qg5 30.Rde1 f6 31.Rg3 Rc2 32.Qxc2 Qxg3 33.Rf1 Rf8 34.Qc7
Qxb3 35.Qxa7 Rf7 36.Qa6 Kg7 37.Be8 Rf8 38.Bb5 Qe3 39.Qd6 Qa7 40.Rc1 Rf7 
41.Be8 Re7 42.Bb5 Nf7 43.Qc5 Qb7 44.Qc6 Qb8 45.Qc5 Qd8 46.Qc3 h5 47.Qb4 
Re5 48.Ba6 Qd7 49.Bb5 Qb7 50.Rc6 Qa7 51.Rc8 Re7 52.Qc5 Qb7 53.Re8 Rxe8 54.
Bxe8 Ng5 55.Bc6 Qb1+ 56.Kh2 Qb8+ 57.Kh1 Qb1+ 58.Kh2 Qb8+ 1/2-1/2

[Event "23rd Hoogeveen op"]
[Site "Hoogeveen NED"]
[Date "2019.10.24"]
[Round "7.10"]
[White "Dev, Shah"]
[Black "Romanishin, Oleg"]
[Result "0-1"]
[WhiteElo "2025"]
[BlackElo "2441"]
[EventDate "2019.10.19"]
[PlyCount "70"]

1.d4 Nf6 2.c4 e6 3.Nc3 Bb4 4.e3 O-O 5.Ne2 d5 6.a3 Be7 7.Nf4 c6 8.Bd3 Nbd7 
9.O-O dxc4 10.Bxc4 Nb6 11.Ba2 Nbd5 12.Nfe2 Nxc3 13.bxc3 c5 14.Bb2 cxd4 15.
cxd4 b6 16.Qd3 Bb7 17.f3 Bd5 18.Bb1 b5 19.e4 Bc4 20.Qe3 Qb6 21.Rd1 Rfd8 
22.f4 Rac8 23.Ng3 g6 24.e5 Nd5 25.Qf3 a5 26.Ne4 b4 27.a4 Ba6 28.Kh1 Bb7 
29.Qg3 Qc6 30.Bd3 Nc3 31.Bxc3 bxc3 32.Rdc1 Rxd4 33.Rxc3 Qxc3 34.Nxc3 Rxc3 
35.Qe1 Rcxd3 0-1

[Event "23rd Hoogeveen op"]
[Site "Hoogeveen NED"]
[Date "2019.10.24"]
[Round "7.11"]
[White "De Jong, Migchiel"]
[Black "Kaasen, Tor Fredrik"]
[Result "1/2-1/2"]
[WhiteElo "2330"]
[BlackElo "2415"]
[EventDate "2019.10.19"]
[PlyCount "123"]

1.Nf3 d5 2.d4 Nf6 3.c4 e6 4.g3 Be7 5.Bg2 O-O 6.O-O dxc4 7.Qc2 a6 8.a4 Bd7 
9.Qxc4 Bc6 10.Bg5 Bd5 11.Qc2 Be4 12.Qd1 h6 13.Bxf6 Bxf6 14.Nc3 Bxf3 15.
Bxf3 c6 16.Qb3 Ra7 17.Rfd1 a5 18.e3 Na6 19.Rd2 Nb4 20.Rad1 Qb6 21.Na2 Be7 
22.Be4 Ra6 23.Bb1 Rd8 24.h4 h5 25.Nxb4 Qxb4 26.Qc2 g6 27.Ba2 Kg7 28.Bc4 
Rb6 29.b3 Qd6 30.Qe4 Rb4 31.Rc2 Bf6 32.Kg2 Qd7 33.Qf3 b5 34.Be2 Rxb3 35.
Rxc6 bxa4 36.d5 Rc8 37.Ra6 Qb7 38.dxe6 fxe6 39.Rxe6 Qxf3+ 40.Bxf3 Rc7 41.
Ra6 Rb5 42.Rdd6 a3 43.Bd5 Bc3 44.Rxg6+ Kf8 45.Rg5 Rd7 46.Rg8+ Ke7 47.Bc4 
Rb4 48.Rxa5 Rxc4 49.Rxa3 Rc5 50.Rg5 Rdc7 51.Ra6 Bf6 52.Rxc5 Rxc5 53.f4 Rc3
54.Ra5 Rxe3 55.Rxh5 Kf7 56.Kh3 Kg6 57.Rd5 Bc3 58.h5+ Kh6 59.Kh4 Be1 60.
Rd6+ Kh7 61.Rg6 Rf3 62.Kh3 1/2-1/2

[Event "23rd Hoogeveen op"]
[Site "Hoogeveen NED"]
[Date "2019.10.24"]
[Round "7.13"]
[White "Jonkman, Harmen"]
[Black "Mueer, Sebastian"]
[Result "1-0"]
[WhiteElo "2383"]
[BlackElo "2194"]
[EventDate "2019.10.19"]
[PlyCount "81"]

1.e4 c5 2.c3 d5 3.exd5 Qxd5 4.d4 Nf6 5.Na3 e6 6.Nf3 cxd4 7.Nb5 Na6 8.cxd4 
Bb4+ 9.Nc3 Bd7 10.Bd2 Bxc3 11.bxc3 Qe4+ 12.Be3 Rc8 13.Bd3 Qg4 14.h3 Qh5 
15.c4 O-O 16.Be2 Qa5+ 17.Bd2 Qa4 18.Qb3 Ne4 19.Be3 Qa5+ 20.Kf1 Ba4 21.Qd3 
f5 22.Rc1 Rfd8 23.Qa3 b6 24.g4 Qb4 25.Qxb4 Nxb4 26.gxf5 exf5 27.d5 b5 28.
Nd4 Nxa2 29.Ra1 Nac3 30.Nxf5 Rd7 31.Bg4 Rf8 32.Nh6+ gxh6 33.Bxd7 Ng3+ 34.
Kg2 Nxh1 35.Be6+ Kg7 36.Bd4+ Kg6 37.Bxc3 Nxf2 38.Rf1 b4 39.Bxb4 Rb8 40.Bd6
Rb6 41.c5 1-0

[Event "23rd Hoogeveen op"]
[Site "Hoogeveen NED"]
[Date "2019.10.24"]
[Round "7.19"]
[White "Grooten, Herman"]
[Black "Van Foreest, Machteld"]
[Result "1-0"]
[WhiteElo "2274"]
[BlackElo "2142"]
[EventDate "2019.10.19"]
[PlyCount "80"]

1.d4 Nf6 2.c4 e6 3.Nf3 b6 4.a3 Bb7 5.Nc3 d5 6.Bg5 Be7 7.Qa4+ c6 8.Bxf6 
Bxf6 9.cxd5 exd5 10.g3 O-O 11.Bg2 Na6 12.O-O Nc7 13.Rfd1 Re8 14.Rac1 Qd6 
15.e3 a6 16.Qc2 Nb5 17.Ne2 Qe7 18.Nf4 Nd6 19.Nd3 Ne4 20.Qb3 b5 21.Nc5 Nxc5
22.Rxc5 Qe6 23.Rdc1 Be7 24.R5c2 Bd6 25.Nd2 f5 26.Qd3 a5 27.Nb3 Kh8 28.Qd2 
b4 29.Nc5 Bxc5 30.Rxc5 bxa3 31.bxa3 a4 32.Rb1 Reb8 33.Rb6 Ba6 34.Bxd5 Qe7 
35.Rcxc6 Bb7 36.Qb2 Qd7 37.Rc5 Ra7 38.Rcb5 Bxd5 39.Rxb8+ Bg8 40.Rf8 Qd5 
1-0

[Event "23rd Hoogeveen op"]
[Site "Hoogeveen NED"]
[Date "2019.10.24"]
[Round "7.27"]
[White "Pekin, Tolgay"]
[Black "Achuthan, Dylan"]
[Result "1-0"]
[WhiteElo "2083"]
[BlackElo "1865"]
[EventDate "2019.10.19"]
[PlyCount "111"]

1.e4 c5 2.Nf3 Nc6 3.Bb5 e6 4.O-O Nge7 5.d4 cxd4 6.Nxd4 a6 7.Be2 Nxd4 8.
Qxd4 Nc6 9.Qc3 d6 10.Rd1 e5 11.Be3 Be6 12.a4 Rc8 13.Qd2 Be7 14.Nc3 O-O 15.
Rac1 Nb4 16.Nd5 Nxd5 17.exd5 Bf5 18.c4 Qd7 19.a5 Bg6 20.b4 f5 21.c5 dxc5 
22.bxc5 f4 23.c6 bxc6 24.dxc6 Qxd2 25.Bxd2 Rf6 26.Bxa6 Rcxc6 27.Bb7 Rxc1 
28.Rxc1 Bd3 29.Rc7 Bd6 30.Rc8+ Rf8 31.Rxf8+ Kxf8 32.a6 Bb8 33.Bb4+ Ke8 34.
Bc5 Bxa6 35.Bxa6 Kf7 36.Bd3 g6 37.Kf1 Kf6 38.Ke2 Bc7 39.Kf3 Bb8 40.Ke4 Bc7
41.Kd5 Ba5 42.Bd6 Bc3 43.Ba6 Bd4 44.f3 Bc3 45.Bc8 Bd4 46.Bc7 Bc3 47.Bd8+ 
Kf7 48.Be6+ Kg7 49.Kc6 Bd4 50.Kd7 Bc5 51.Bc4 h6 52.Ke6 Bd4 53.Bf6+ Kh7 54.
Bxe5 Be3 55.Kf7 h5 56.Bg7 1-0